000 00805nam a22002417a 4500
003 AR-RoUNCS
005 20250924151844.0
008 250924t2009 ag |||||r|||| 00| f spa d
020 _a978-987-04-1254-0
040 _cAR-RoUNCS
080 _082-34(477) N434
100 1 _a Némirovsky, Irène,
_d1903-1942
_eautor
245 1 3 _aUn niño prodigio /
_cIrène Némirovsky ; traducción de Miguel Azaola.
250 _a1a ed.
260 _aBuenos Aires :
_bAlfaguara,
_c2009.
300 _a104 p. ;
_c20 cm.
490 0 _aAlfaguara Infantil y Juvenil
500 _aTítulo original: UN ENFANT PRODIGE
520 3 _aUn cuento filosófico sobre un joven que sucumbe ante la fuerza destructora de su propio genio.
650 4 _aLITERATURA UCRANIANA
655 4 _aNOVELA FANTASTICA
942 _2udc
_cLPD
_n0
999 _c607
_d607